zpět

Detail výsledku týmu

U Sousedů - Zličín, Praha

Datum a čas kvízu

42.5 Celkem bodů Celkový počet nahraných bodů na tomto kvízu bez doplňovacích otázek.
1. Pořadí na kvízu Konečné umístění týmu na tomto kvízu.

Zaznamenané odpovědi

# Otázka Odpověď Body Výsledky
1. Minulý týden navštívil Pražský... v Polsku, Karol Nawrocki 1
2. K oslavám Díkůvzdání, které pr... milost (život) 1
3. Agentura AP minulý týden zveře... rapu 0
4. Minulý týden jsme se dozvěděli... Five Guys 1
5. V pondělní dohrávce 12. kola P... inzultoval spoluhráče (udeřil jej/vlepil mu facku) 1
6. Seřaďte tyto ostrovy dle rozlo... 1D 2B 3A 4C 0
7. Nyní přiřaďte ostrovy ke států... 1C 2B 3A 4D 1
8. Kterému ostrovnímu středomořsk... Kypr 0
9. Nyní si odskočíme ke kinematog... Řek Zorba, Anthony Quinn 0.5
10. Ke kterému středomořskému ostr... Elba 1